000 00267nam a2200097Ia 4500
001 1253738
005 20251031150959.0
008 251031s9999 xx 000 0 und d
245 0 _cCATH JONES
_aX-2 SAFARİ PARKTA DEV PANCAR ÇILGINLIĞI
260 _bİNDİGO YAYINLARI
999 _c1253738
_d1253738